The Mahasthan hoard II of silver punch-marked coins / (Record no. 51879)
[ view plain ]
| 000 -LEADER | |
|---|---|
| fixed length control field | 01079nam a2200277 a 4500 |
| 001 - CONTROL NUMBER | |
| control field | 51879 |
| 003 - CONTROL NUMBER IDENTIFIER | |
| rucl marc code | BD-RjUL |
| 005 - DATE AND TIME OF LATEST TRANSACTION | |
| control field | 20211209075726.0 |
| 008 - FIXED-LENGTH DATA ELEMENTS--GENERAL INFORMATION | |
| fixed length control field | 160904s2011 bg ab g b 001 0 eng d |
| 020 ## - INTERNATIONAL STANDARD BOOK NUMBER | |
| International Standard Book Number | 9789845120005 |
| 035 ## - SYSTEM CONTROL NUMBER | |
| System control number | (BD-RjUL)51999 |
| 040 ## - CATALOGING SOURCE | |
| Original cataloging agency | DKAGE |
| Language of cataloging | eng |
| Transcribing agency | DKAGE |
| Modifying agency | OCLCO |
| -- | BD-RjUL |
| 041 ## - LANGUAGE CODE | |
| Language code of text/sound track or separate title | eng |
| 082 04 - DEWEY DECIMAL CLASSIFICATION NUMBER | |
| Classification number | 737.495492 |
| Edition number | 23 |
| Author mark and year | AHM 2011 |
| 100 1# - MAIN ENTRY--PERSONAL NAME | |
| Personal name | Ahameda, Bulabula |
| 9 (RLIN) | 155166 |
| 245 14 - TITLE STATEMENT | |
| Title | The Mahasthan hoard II of silver punch-marked coins / |
| Statement of responsibility, etc. | Bulbul Ahmed, Md. Noorul Islam. |
| 260 ## - PUBLICATION, DISTRIBUTION, ETC. (IMPRINT) | |
| Place of publication, distribution, etc. | Dhaka : |
| Name of publisher, distributor, etc. | Asiatic Society of Bangladesh, |
| Date of publication, distribution, etc. | 2011 |
| 300 ## - PHYSICAL DESCRIPTION | |
| Pagination | xi, 187 p. : |
| Illustrations | ill. ; |
| Size | 25 cm. |
| 500 ## - GENERAL NOTE | |
| General note | Originally presented as the first author's thesis (M. Phil.--Jahangirnagar University, 2008) under the title: Punch-marked coins of Bangladesh : a numismatic study. |
| 504 ## - BIBLIOGRAPHY, ETC. NOTE | |
| Bibliography, etc | Includes index and bibliographical references (p. [793]-796). |
| 650 #0 - SUBJECT ADDED ENTRY--TOPICAL TERM | |
| Topical term or geographic name as entry element | Coins, Ancient |
| Geographic subdivision | Bangladesh. |
| 9 (RLIN) | 155167 |
| Topical term or geographic name as entry element | Coin hoards |
| Geographic subdivision | Bangladesh. |
| 9 (RLIN) | 155168 |
| 651 #0 - SUBJECT ADDED ENTRY--GEOGRAPHIC NAME | |
| Geographic name | Mahasthan Site (Bangladesh) |
| 9 (RLIN) | 155169 |
| 700 1# - ADDED ENTRY--PERSONAL NAME | |
| Personal name | Islam, Noorul, Md., |
| 942 ## - ADDED ENTRY ELEMENTS (KOHA) | |
| Source of classification or shelving scheme | Dewey Decimal Classification |
| Koha item type | Books |
| Lost status | Source of classification or shelving scheme | Damaged status | Not for loan | Collection code | Permanent Location | Current Location | Shelving location | Date acquired | Source of acquisition | Cost, normal purchase price | Total Checkouts | Full call number | Date last seen | Copy number | Koha item type |
|---|---|---|---|---|---|---|---|---|---|---|---|---|---|---|---|
| Dewey Decimal Classification | Non-fiction | Central Library, University of Rajshahi | Central Library, University of Rajshahi | 18/07/2012 | Asiatic society of Bangladesh | 700.00 | 737.495492 AHM 2011 | 04/09/2016 | C-2 | Books | |||||
| Dewey Decimal Classification | Not For Loan | Non-fiction | Central Library, University of Rajshahi | Central Library, University of Rajshahi | Reading Room | 18/07/2012 | Asia foundation | 700.00 | 737.495492 AHM 2011 | 18/12/2016 | C-1 | Books |